LEADER 01187nam a2200217 i 4500 001 000000237509 003 CaOOAMICUS 005 20240111101424.0 008 141231s1766 it u000 u lat u 013 $a216414 026 $ae-is ca*- s,o- (d(c (3) 1766 (R) 040 $aSeMil$bita 100 1 $aTiraboschi, Girolamo,$d<1731-1794>.$0(OLS)http://semarc/name/2726 245 10$aVol. 1. Dissertationes prodromas continens de Humiliatorum origine, vicibus, exitu. 300 $a[24], 431, [1] p., [1] carta di tav. :$bill. 500 $aSegn.: a-c4 A-3H4 773 0 $aTiraboschi, Girolamo <1731-1794>$tVetera Humiliatorum monumenta annotationibus, ac dissertationibus prodromis illustrata, quibus multa sacrae, civilis, ac literariae medii aevi historiae capita explicantur auctore Hieronymo Tiraboschio ... Vol. 1. [-3.].$dMediolani : Excudebat Joseph Galeatius regius typographus, 1766-1768.$g1$w()31209 850 $aSeMil 852 $aSeMil$W1$xVenegono$y1$m3B V 37 FA$j187855$B187855$CSeMilBibl$Z2$F198779 $8I 996 $6245$aVol. 1. Dissertationes prodromas continens de Humiliatorum origine, vicibus, exitu$9(OLS)http://semarc/title/338508 LEADER 00685nas a2200169 i 4500 001 000000031695 003 CaOOAMICUS 005 20190716154454.0 008 180830n1951 fr zx l u0 z|fre u 040 $aSeMil$bita 245 14$aLes grandes forces politiques. 4. Série. 264 1$aParis :$bPresses Universitaires de France,$c1951- 300 $av. ;$c22 cm. 760 0 $tBibliothéque de la science politique.$dParis : Presses Universitaires de France, 1951-$w()31694 996 $6245$aLes grandes forces politiques. 4. Série$9(OLS)http://semarc/title/43013 996 $6264$aParis :$bPresses Universitaires de France$9(OLS)http://semarc/publisher/30047